000 02568ncm0a2200457 4500
001 RU\NLR\ONIZ\266284
005 20250625012010.0
013 _a979-0-66010-081-3
021 _aRU
_b2021-000266
_92021-НО-П-19
035 _a(NLR Aleph) 016250009
071 2 0 _a17665
090 _a12824260
_c12824260
100 _a20170320d2020 |||y0rusy50 ca
101 0 _aeng
_arus
102 _aRU
125 _azx
128 _asi
145 0 _ab
200 1 _aСимфония № 4
_bНоты
_eфа минор
_eop. 36 (1877)
_dSymphonie № 4
_ein f-moll
_zeng
_fП. Чайковский
_gпереложение для фортепиано С. Павчинского
_gtranscription for piano by S. Pavchinsky
203 _aМузыка
_bзнаковая
_bвизуальная
_cнепосредственная
210 _aМосква
_cМузыка
_dcop. 2020
215 _a71, [1] с.
_cил.
_d30 см
313 _aСистематизация документа проведена по изданию - Методика классифицирования музыкальных произведений (нотных изданий) по таблицам Библиотечно-библиографических классификаций : метод. рекомендации / Гос. б-ка СССР им. В.И. Ленина.- М., 1977. Индексу ББК методических рекомендаций присваивается код ББК для научных библиотек - LBC/SL
606 1 _aРусская музыка
_yРоссия
_z19 в.
_jНоты
_2nlr_sh
606 1 _aСимфоническая музыка русская
_yРоссия
_z19-20 вв.
_jНоты
_2nlr_sh
606 1 _aСимфонии русские
_yРоссия
_z19-20 век
_jНоты
_2nlr_sh
608 _aСимфония
_xНоты
_yРоссия
_z19-20 вв.
_2nlr_sh
686 0 _aЩ952.4-095-040(28)
700 1 _9z01790
_aЧайковский
_bП. И.
_f1840-1893
_gПетр Ильич
_4230
_7ca
702 1 _9z02790
_aПавчинский
_bС.Э.
_f1909-1976
_gСергей Эразмович
_4030
_7ca
790 1 _9z01700
_aTchaikovsky
_bP. I.
_f1840-1893
_gPeter Il'ich
_4230
_7ba
790 1 _9z02702
_aPavchinsky
_bS. E.
_f1909-1976
_gSergey Erazmovich
_4030
_7ba
801 0 _aRU
_bNLR
_c20170320
_gPSBO
801 1 _aRU
_bNLR
_c20170320
_2rusmarc
801 2 _aRU
_bNLR
_c20221222
852 _aNLR
_bМ
_jК-3/31093
_pМОЭ 45848
_t1
852 _aNLR
_bМ
_jК-3/31093а
_pМОЭ 45849
_t2
942 _cSCORE
980 _aNB
980 _aONIZ